|
|
|
|
| LEADER |
01049nam a2200229Ia 4500 |
| 001 |
CTU_204488 |
| 008 |
210402s9999 xx 000 0 und d |
| 082 |
|
|
|a 338.3727
|
| 082 |
|
|
|b Th309
|
| 088 |
|
|
|a TSV2013-23
|
| 100 |
|
|
|a Nguyễn, Văn Thiệu
|
| 245 |
|
0 |
|a Yếu tố ảnh hưởng đến sinh kế và giải pháp sinh kế bền vững cho ngư dân nghèo vùng lũ tỉnh An Giang :
|
| 245 |
|
0 |
|b Báo cáo tổng kết đề tài nghiên cứu khoa học của sinh viên
|
| 245 |
|
0 |
|c Nguyễn Văn Thiệu (Chủ nhiệm đề tài) ; Nguyễn Thanh Bình (Cán bộ hướng dẫn) ; Nguyễn Thị Ngọc Dung (Tham gia thực hiện).
|
| 260 |
|
|
|a Cần Thơ
|
| 260 |
|
|
|b Trường Đại học Cần Thơ
|
| 260 |
|
|
|c 2013
|
| 650 |
|
|
|a Fisheries,Nghề nuôi trồng thủy sản
|
| 650 |
|
|
|x Economic aspects,Khía cạnh kinh tế
|
| 904 |
|
|
|i Hải
|
| 915 |
|
|
|a PD
|
| 980 |
|
|
|a Trung tâm Học liệu Trường Đại học Cần Thơ
|